000
00205nam a22001097a 4500
040
_c
SK
082
_a
363
100
_a
NA
245
_a
Environmental site assessment
260
_a
NA
_b
NA
_c
NA
942
_c
EK
999
_c
10344
_d
10344